The valuation of land and houses (Record no. 105545)

MARC details
000 -LEADER
fixed length control field 00535cam a2200193 4500
001 - CONTROL NUMBER
control field ##L134107
008 - FIXED-LENGTH DATA ELEMENTS--GENERAL INFORMATION
fixed length control field 060710n1924 000 0 eng u
035 ## - SYSTEM CONTROL NUMBER
System control number (Sirsi) u134107
041 0# - LANGUAGE CODE
Language code of text/sound track or separate title eng
050 04 - LIBRARY OF CONGRESS CALL NUMBER
Classification number 333.332 $2 18
100 1# - MAIN ENTRY--PERSONAL NAME
Personal name Smith, Sydney A.
245 04 - TITLE STATEMENT
Title The valuation of land and houses
Remainder of title (Curtis's)
250 ## - EDITION STATEMENT
Edition statement 6th ed.
260 ## - PUBLICATION, DISTRIBUTION, ETC.
Place of publication, distribution, etc. London
Name of publisher, distributor, etc. Estates Gazette
Date of publication, distribution, etc. 1924
300 ## - PHYSICAL DESCRIPTION
Extent 403p.
Dimensions 22cm.
490 #0 - SERIES STATEMENT
Series statement College of Estate Management Series
690 ## - LOCAL SUBJECT ADDED ENTRY--TOPICAL TERM (OCLC, RLIN)
Topical term or geographic name as entry element PROPERTY-PROPERTY VALUATION AND APPRAISAL
942 ## - ADDED ENTRY ELEMENTS (KOHA)
Suppress in OPAC 0
Holdings
Withdrawn status Lost status Source of classification or shelving scheme Damaged status Not for loan Home library Current library Shelving location Date acquired Total Checkouts Full call number Barcode Date last seen Copy number Price effective from Koha item type
    Dewey Decimal Classification     London London Basement 10/07/2006   SHELF 306 30071960 06/08/2019 1 06/08/2019 Book